De primitiva lírica española y antigua épica
Shranjeno v:
| Format: | Knjiga |
|---|---|
| Jezik: | španščina |
| Izdano: |
Buenos Aires
Espasa Calpe
1951
|
| Serija: | Colección Austral, 1051
|
| Teme: | |
| Oznake: |
Označite
Brez oznak, prvi označite!
|
MARC
| LEADER | 00000nam a2200000 a 4500 | ||
|---|---|---|---|
| 001 | UCX1572 | ||
| 003 | CL-VaPUC | ||
| 008 | 901003e19510000AG |||||||||||||||||spa|d | ||
| 082 | 0 | 4 | |a 864 |b MEN |2 21 |
| 245 | 1 | 0 | |a De primitiva lírica española y antigua épica |
| 300 | |a 161 p | ||
| 942 | |c BK | ||
| 945 | |d 19901003 00:00:00 | ||
| 260 | |a Buenos Aires |b Espasa Calpe |c 1951 | ||
| 650 | 0 | |a Poesía española |9 264938 | |
| 650 | 0 | |a Historia y crítica |9 257407 | |
| 650 | 7 | |a EPICA ESPAÑOLA |2 CL-VaPUC |9 317117 | |
| 650 | 0 | |a Ensayos españoles |9 313128 | |
| 583 | |a last modification |c 19901003 00:00:00 |k Rodrigo Vera | ||
| 490 | 0 | |a Colección Austral, 1051 | |
| 999 | |c 222766 |d 222764 | ||
| 952 | |0 0 |1 0 |4 0 |6 864_000000000000000_MEN_1951 |7 0 |8 A |9 217933 |a BIBEDU |b BIBEDU |d 2019-11-15 |i 2868083 |l 1 |o 864 MEN 1951 |p 2868083 |r 2023-10-10 |s 2023-10-03 |w 2019-11-15 |y BK |k LIT | ||